000 00530nam a22001817a 4500
003 OSt
008 260425b |||||||| |||| 00| 0 eng d
082 _a635-93346
_bK11E
100 _aKant, Kamal
245 _aEffect of Plant Growth Regulators on Growth and Yield Parameters of Bottle Gourd (Lagenaria siceraria. (Molina) Standl.)
260 _aPusa, Samastipur
_bRAU
_c1999
300 _a66P.
502 _bMsc.
_d1999
650 _aVegetables and Floriculture
650 _aHorticulture
650 _aMsc.
942 _2ddc
_cT
999 _c50188
_d50188